000 00720nam a2200289Ia 4500
005 20260324122202.0
008 008 260324s9999 xx 000 0 eng d
020 _a9780203078037
037 _aEBOOK
040 _aCRL
040 _beng
040 _cCRL
041 _2eng
041 _aeng
084 _qCRL
100 _aCath Hunter
_91147737
245 0 _aUnderstanding and Managing Children's Behaviour through Group Work Ages 7 - 11
245 2 _bA child-centred programme
260 _bTaylor and Francis
260 _c2013
365 _a
365 _b205
856 _uhttp://www.taylorfrancis.com/books/9780203078037
942 _cEBOOK
999 _c1757999
_d1757999